TH-SOF-1480-Modeling of Delamination Failure in Woven Fabric Reinforced Composites Under Mixed Mode Loading (Record no. 586853)
[ view plain ]
| 000 -LEADER | |
|---|---|
| fixed length control field | 00431nam a22001337a 4500 |
| 040 ## - CATALOGING SOURCE | |
| Transcribing agency | NUST |
| 082 ## - DEWEY DECIMAL CLASSIFICATION NUMBER | |
| Classification number | 200 THE |
| 100 ## - MAIN ENTRY--PERSONAL NAME | |
| Personal name | Jawadullah |
| 9 (RLIN) | 84873 |
| 110 ## - MAIN ENTRY--CORPORATE NAME | |
| Corporate name or jurisdiction name as entry element | Supervisor Dr. Hasan Aftab Saeed |
| 9 (RLIN) | 84874 |
| 245 ## - TITLE STATEMENT | |
| Title | TH-SOF-1480-Modeling of Delamination Failure in Woven Fabric Reinforced Composites Under Mixed Mode Loading |
| 260 ## - PUBLICATION, DISTRIBUTION, ETC. | |
| Place of publication, distribution, etc. | ISLAMABAD: |
| Name of publisher, distributor, etc. | NUST College of EME, |
| Date of publication, distribution, etc. | 2017. |
| 650 ## - SUBJECT ADDED ENTRY--TOPICAL TERM | |
| Topical term or geographic name entry element | MS-MECH-80 |
| 9 (RLIN) | 84875 |
| 942 ## - ADDED ENTRY ELEMENTS (KOHA) | |
| Source of classification or shelving scheme | |
| Koha item type | Thesis |
| Withdrawn status | Lost status | Source of classification or shelving scheme | Damaged status | Not for loan | Permanent Location | Current Location | Shelving location | Date acquired | Total Checkouts | Full call number | Barcode | Date last seen | Price effective from | Koha item type |
|---|---|---|---|---|---|---|---|---|---|---|---|---|---|---|
| College of Electrical & Mechanical Engineering (CEME) | College of Electrical & Mechanical Engineering (CEME) | Thesis | 11/22/2021 | 200 THE | TH-SOF-1480 | 11/22/2021 | 11/22/2021 | Reference |
